Adivina todos los paises por su foto - Estadísticas

Estadísticas generales
  • Esta prueba ha sido intentada 176 veces
  • La puntuación promedio es 39 de 196
Estadísticas de respuestas
Imagen Respuesta % Correcto
China
95%
Estados Unidos
94%
Francia
93%
Egipto
92%
Italia
92%
Japón
91%
Brasil
90%
India
90%
México
90%
Reino Unido
90%
Rusia
86%
Australia
85%
Perú
84%
España
82%
Grecia
80%
Países Bajos
76%
Argentina
74%
Chile
74%
Alemania
70%
Emiratos Árabes Unidos
59%
Corea del Norte
58%
Dinamarca
54%
Bélgica
51%
Ciudad del Vaticano
50%
Portugal
50%
Jordania
46%
Turquía
46%
Uganda
44%
Hungría
43%
Marruecos
43%
Camboya
38%
Israel
37%
Colombia
35%
Noruega
35%
Cuba
33%
Singapur
32%
Islandia
31%
Bután
29%
Rumania
28%
Mongolia
27%
Tailandia
27%
Austria
26%
Bulgaria
26%
Ecuador
25%
Estonia
25%
Polonia
25%
Paraguay
24%
Suiza
24%
Tuvalu
24%
Corea del Sur
23%
Chipre
21%
Canadá
20%
Nauru
20%
Bolivia
19%
Irlanda
19%
Myanmar
19%
Eslovaquia
18%
Malasia
18%
Afganistán
17%
Belice
17%
Brunéi
17%
República Checa
17%
Suecia
17%
Ucrania
17%
Uzbekistán
17%
Venezuela
17%
Vietnam
17%
Nepal
16%
Siria
16%
Bangladés
15%
Chad
15%
Eslovenia
15%
Guatemala
15%
Honduras
15%
Irak
15%
Panamá
15%
Uruguay
15%
Arabia Saudita
14%
Bahamas
14%
Irán
14%
Libia
14%
Lituania
14%
Barbados
13%
Bielorrusia
13%
Eritrea
13%
Finlandia
13%
Mónaco
13%
Níger
13%
República Dominicana
13%
Sudán
13%
Andorra
12%
Armenia
12%
Ghana
12%
Sri Lanka
12%
Sudán del Sur
12%
Croacia
11%
Estados Federados de Micronesia
11%
Georgia
11%
Guyana
11%
Malí
11%
Omán
11%
Vanuatu
11%
Catar
10%
Costa Rica
10%
Liechtenstein
10%
Nueva Zelanda
10%
Senegal
10%
Taiwán
10%
Angola
9%
El Salvador
9%
Jamaica
9%
Laos
9%
Madagascar
9%
República del Congo
9%
República Democrática del Congo
9%
Santa Lucía
9%
Sudáfrica
9%
Burkina Faso
8%
Gabón
8%
Kiribati
8%
Samoa
8%
San Marino
8%
San Vicente y las Granadinas
8%
Haití
7%
Pakistán
7%
Argelia
6%
Azerbaiyán
6%
Kazajistán
6%
Ruanda
6%
Tonga
6%
Antigua y Barbuda
5%
Islas Marshall
5%
Kenia
5%
Letonia
5%
Malta
5%
Nicaragua
5%
Seychelles
5%
Surinam
5%
Yemen
5%
Albania
4%
Comoras
4%
Granada
4%
Indonesia
4%
Luxemburgo
4%
Túnez
4%
Zimbabue
4%
Camerún
3%
Costa de Marfil
3%
Islas Salomón
3%
Kuwait
3%
Líbano
3%
Macedonia del Norte
3%
Moldavia
3%
Mozambique
3%
Palaos
3%
República Centroafricana
3%
San Cristóbal y Nieves
3%
Turkmenistán
3%
Zambia
3%
Bosnia y Herzegovina
2%
Botsuana
2%
Dominica
2%
Filipinas
2%
Guinea Ecuatorial
2%
Kirguistán
2%
Kosovo
2%
Malaui
2%
Montenegro
2%
Nigeria
2%
Santo Tomé y Príncipe
2%
Somalia
2%
Baréin
1%
Cabo Verde
1%
Etiopía
1%
Guinea
1%
Lesoto
1%
Mauritania
1%
Namibia
1%
Papúa Nueva Guinea
1%
Tayikistán
1%
Timor Oriental
1%
Yibuti
1%
Benín
0%
Burundi
0%
Esuatini
0%
Fiyi
0%
Gambia
0%
Guinea-Bissau
0%
Liberia
0%
Maldivas
0%
Mauricio
0%
Serbia
0%
Sierra Leona
0%
Tanzania
0%
Togo
0%
Trinidad y Tobago
0%
No se encontraron pruebas coincidentes
Distribución de puntuación
Porcentaje de gente con cada puntuación
Porcentaje por número respondido
Historial de tus puntuaciones
No has intentado esta prueba.